Системы электроснабжения пассажирских самолетов

Bibliografiske detaljer
Hovedforfatter: Злочевский В. С. Владимир Самсонович
Andre forfattere: Федосеев А. Ф. (редактор)
Sprog:russisk
Udgivet: Москва, Машиностроение, 1971
Fag:
Format: MixedMaterials Bog
KOHA link:https://koha.lib.tpu.ru/cgi-bin/koha/opac-detail.pl?biblionumber=111348

MARC

LEADER 00000nam0a2200000 4500
001 111348
005 20231031120823.0
035 |a (RuTPU)RU\TPU\book\120249 
090 |a 111348 
100 |a 20070314d1971 m y0rusy50 ca 
101 0 |a rus 
102 |a RU 
105 |a a z 000zy 
200 1 |a Системы электроснабжения пассажирских самолетов  |f В. С. Злочевский  |g под ред. А. Ф. Федосеева 
210 |a Москва  |c Машиностроение  |d 1971 
215 |a 376с.  |c ил. 
610 1 |a электроснабжение 
610 1 |a пассажирские самолеты 
675 |a 629.735  |v 3 
700 1 |a Злочевский  |b В. С.  |g Владимир Самсонович 
702 1 |a Федосеев  |b А. Ф.  |4 340 
801 1 |a RU  |b 63413507  |c 20070314  |g PSBO 
801 2 |a RU  |b 63413507  |c 20080915  |g PSBO 
942 |c BK